Vancouver Whitecaps current squad - Statistics

General Stats
  • This quiz has been taken 41 times
  • The average score is 12 of 23
Answer Stats
Number Player % Correct
24 Brian White
88%
25 Ryan Gauld
88%
1 Thomas Hasal
80%
31 Russell Teibert
72%
6 Tristan Blackmon
68%
9 Lucas Cavallini
64%
45 Pedro Vite
64%
4 Ranko Veselinovic
64%
7 Deiber Caicedo
60%
11 Cristian Dajome
56%
27 Ryan Raposo
56%
3 Cristian Gutierrez
52%
28 Jake Nerwinski
52%
26 Florian Jungwirth
48%
16 Sebastian Berhalter
48%
22 Erik Godoy
40%
60 Isaac Boehmer
40%
23 Javain Brown
40%
55 Michael Baldisimo
40%
17 Leonard Owusu
32%
2 Marcus Godinho
28%
8 Caio Alexandre
24%
87 Tosaint Ricketts
12%
No matching quizzes found
Score Distribution
Percent of People with Each Score
Percentile by Number Answered
Your Score History
You have not taken this quiz